| 000 | 00662nam a2200241Ia 4500 | ||
|---|---|---|---|
| 003 | OSt | ||
| 005 | 20220918230500.0 | ||
| 006 | a|||||r|||| 00| 0 | ||
| 007 | ta | ||
| 008 | 220917b |||||||| |||| 00| 0 eng d | ||
| 024 | _a254,044 | ||
| 037 | _cTextual | ||
| 040 |
_aARTS _cARTS _beng |
||
| 041 |
_2eng _aeng |
||
| 082 | _aV6137:19063:N5, K9 | ||
| 100 |
_aHall Richard _9110012 |
||
| 245 | 0 |
_aHigh price of principles _b Kaunda and the white south |
|
| 260 |
_aLondon _bPenguin Books UK _c1969 |
||
| 300 |
_a287p. _ccm. |
||
| 650 | _aHISTORY | ||
| 942 |
_hV6137:19063:N5, K9 _cTEXL _2CC |
||
| 999 |
_c288165 _d288165 |
||